000 00798nas a2200265 4500
001 BR0203468
003 BR-BrBNA
005 20231205103110.0
007 ta
008 230509b bl.|||p| |||| 00| 00por d
040 _aBR-BrBNA
_bpor
_cBiblioteca Nacional de Agricultura
041 _a(Pt)
072 _aL74; L70
100 1 _aGuedes, A.G.P.
100 1 _aNatalini, C.C.
245 1 _aAnestesia em eqüinos com síndrome cólica - análise de 48 casos e revisão de literatura
650 _aEQUINO
650 _aDISTÚRBIO FISIOLÓGICO
650 _aCÓLICA
650 _aANESTESIA
650 _aVETERINÁRIA
773 0 _tCiência Rural (Brazil)
_xISSN 0103-8478
_g(May-Jun 2002), v. 32(3) p. 535-542
_wBR0203468
909 _a202311
_bLúcia
_c55
_dLúcia Elande
942 _2AGRIS
_n0
_cANA
999 _c171063
_d171063